02088nam a2200325 a 4500001001900000003000600019005001700025008004100042015001900083020001800102035002100120035002600141035001800167035002400185040003300209041000800242050002000250100003800270245008100308260003000389300002400419505031800443520080100761650002301562650003601585650002501621942000801646952009301654999001501747990176295800107026UkOxU20250122133800.0110201s2011 enk 000 0 eng|d aGBB1177362bnb a9780330492270 a(UkOxU)017629580 a(UkOxU)017629580BIB01 a(Uk)015748296 a(StEdALDL)1/2553589 aStDuBDSbengcStDuBDSdUkOxU aeng aHV33b.R66 2011 aRonson, Jond1967-924581eauthor14aThe psychopath testb: a journey through the madness industryc/ Jon Ronson. aLondon :bPicador,c2011. a291 pages ;c22 cm. aThe missing part of the puzzle revealed — The man who faked madness — Psychopaths dream in black-and-white — The psychopath test — Toto — Night of the living dead — The right sort of madness — The madness of David Shayler — Aiming a bit high — The avoidable death of Rebecca Riley — Good luck. aWhat if society wasn't fundamentally rational, but was motivated by insanity? This thought sets Jon Ronson on an utterly compelling adventure into the world of madness. Along the way, Jon meets psychopaths, those whose lives have been touched by madness and those whose job it is to diagnose it, including the influential psychologist who developed the Psychopath Test, from whom Jon learns the art of psychopath-spotting. A skill which seemingly reveals that madness could indeed be at the heart of everything... Combining Jon Ronson's trademark humour, charm and investigative incision, The Psychopath Test is both entertaining and honest, unearthing dangerous truths and asking serious questions about how we define normality in a world where we are increasingly judged by our maddest edges. 0aPsychopaths912970 0aPsychology, Pathological924582 0aMental health912874 2lcc 00102lcc4070aTBSbTBSd2025-01-22l0oHV33 RONpB02715r2025-01-22t1w2025-01-22y1 c4472d4472